Maçã : (Registro n. 86521)
[ somente texto ]
| 000 -LÍDER | |
|---|---|
| Campo de controle fixo | 01394nam a22002777a 4500 |
| 001 - NÚMERO DE CONTROLE | |
| Número de controle | BR2023001964 |
| 003 - CÓDIGO MARC DA AGÊNCIA CATALOGADORA | |
| Campo de controle | BR-BrBNA |
| 005 - DATA E HORA DA ÚLTIMA ATUALIZAÇÃO | |
| Campo de controle | 20231019121433.0 |
| 008 - CAMPO DE TAMANHO FIXO | |
| Campo fixo de controle | 231018b2018 bl.a|||| |||| 00| 0 por d |
| 040 ## - FONTE DA CATALOGAÇÃO | |
| Agência catalogadora | BR-BrBNA |
| Idioma da catalogação | por |
| 041 ## - CÓDIGO DO IDIOMA | |
| Código do Idioma | por |
| 041 ## - CÓDIGO DO IDIOMA | |
| Código do Idioma | eng |
| 072 ## - CATEGORIA AGRIS | |
| Código da categoria de assunto/objeto | <a href="F01; F08; J11">F01; F08; J11</a> |
| Código do objeto | 0710 |
| 100 ## - ENTRADA PRINCIPAL - NOME PESSOAL | |
| Nome pessoal | Kist, Benno Bernardo |
| 245 ## - TÍTULO PRINCIPAL | |
| Título principal | Maçã : |
| Subtítulo | Anuário Brasileiro da Maçã 2018 |
| 260 ## - IMPRENTA (PUBLICAÇÃO, DISTRIBUIÇÃO, ETC.) | |
| Lugar de publicação, distribuição, etc. | Santa Cruz do Sul, RS (Brasil) : |
| Nome do editor, distribuidor, etc. | Gazeta, |
| Data de publicação, distribuição, etc | 2018 |
| 300 ## - DESCRIÇÃO FÍSICA | |
| Extensão | 56 p. |
| 490 ## - INDICAÇÃO DE SÉRIE | |
| Título da série | Anuário brasileiro da maça 2018; brazilian apple yearbook |
| Número do volume ou designação sequencial da série | no. A636 |
| ISSN | 2446-8657 |
| 520 ## - NOTA DE RESUMO, ETC | |
| Nota de conteúdo | Conhecida desde os primórdios dos tempos, a maçã possui também a sua história no Brasil. Aqui pode ser considerada ainda recente, mas é por certo muito intensa e bela, como a própria fruta se apresenta ao ser colhida nos vastos pomares implantados. Com cerca de meio século de introdução comercial no País, já tem quatro décadas de vida organizada na Associação Brasileira dos Produtores de Maçã (ABPM) e mostra estrutura produtiva de primeira linha, para atender com toda a qualidade aos consumidores nacionais e internacionais. |
| 650 ## - ASSUNTO - THESAGRO | |
| Cabeçalho tópico ou nome geográfico | MACA |
| 650 ## - ASSUNTO - THESAGRO | |
| Cabeçalho tópico ou nome geográfico | COLHEITA |
| 650 ## - ASSUNTO - THESAGRO | |
| Cabeçalho tópico ou nome geográfico | SISTEMA DE CULTIVO |
| 856 ## - ACESSO E ENDEREÇO ELETRÔNICO | |
| Identificador uniforme de recurso - URI | https://www.editoragazeta.com.br/sitewp/wp-content/uploads/2018/06/Ma%C3%A7%C3%A3_2018_Site-Editora.pdf |
| 909 ## - IDENTIFICAÇÃO DO CATALOGADOR | |
| Ano e mês da catalogação (aaaamm) | 202310 |
| Identificação do catalogador | Wanessa Ribeiro |
| 942 ## - TIPO ESPECÍFICO | |
| Tipo de material | Monografia Seriada |
| 952 ## - LOCATION AND ITEM INFORMATION (KOHA) | |
| -- | 2023-10-18 |
| Status de empréstimo | Fonte de classificação | Status de danificação | Não pode ser emprestado | Código da coleção | Localização permanente | Localização atual | Localização na estante | Enumeração de periódico | Total Checkouts | Código de barras | Tipo de material |
|---|---|---|---|---|---|---|---|---|---|---|---|
| Classificação AGRIS | Periódicos agrícolas | Biblioteca Nacional de Agricultura - Binagri | Biblioteca Nacional de Agricultura - Binagri | Agrobase - Periódicos | 2018 (A636) | 2023-436540 | Monografia Seriada |

BINAGRI